000 00304nam a2200133Ia 4500
008 231129s1973||||xx |||||||||||||| ||spa||
040 _bspa
082 _aCo861 L864s
100 _aLópez Luis C.
245 0 _aSus versos
260 _c1973
264 _aBogotá Colombia : Bedout
942 _2ddc
_cBKS
999 _c24947
_d24947